Black Sheep - Brie Larson, Metric [lyrics] - Statistics

General Stats
  • This quiz has been taken 31 times
  • The average score is 116 of 162
Answer Stats
XXXXXXX % Correct
a
100%
of
100%
you
100%
You
100%
friend
96%
Hello
96%
my
96%
again
91%
for
91%
I
91%
that
91%
an
87%
knew
87%
love
87%
on
87%
Send
87%
the
87%
away
83%
every
83%
Now
83%
now
83%
and
78%
And
78%
Everyone
78%
everyone
78%
From
78%
from
78%
Oh
78%
time
78%
to
78%
wire
78%
end
74%
is
74%
pulls
74%
waiting
74%
when
74%
world
74%
yeah
74%
bend
70%
can
70%
Our
70%
past
70%
rule
70%
shapeshift
70%
truth
70%
up
70%
was
70%
crack
65%
it
65%
just
65%
Lift
65%
common
61%
goal
61%
ooh
61%
trick
61%
whip
61%
Got
57%
got
57%
It's
57%
ride
57%
wage
57%
automobile
52%
minimum
52%
steel
52%
take
52%
wants
52%
balls
48%
bull
48%
in
48%
mechanical
48%
one
48%
outer
48%
space
48%
all
43%
real
43%
buying
39%
estate
39%
I'm
39%
number
39%
You'll
35%
ooh-ooh
9%
Ooh-ooh
9%
No matching quizzes found
Score Distribution
Percent of People with Each Score
Percentile by Number Answered
Your Score History
You have not taken this quiz